Т. 45, № 2; Теплофизика высоких температур

Detaylı Bibliyografya
Parent link:Теплофизика высоких температур/ Российская академия наук (РАН) ; Отделение энергетики, машиностроения, механики и процессов управления РАН. Т. 45, № 2.— , 1964-.— 0040-3644
Dil:Rusça
Baskı/Yayın Bilgisi: 2007
Materyal Türü: MixedMaterials Kitap
KOHA link:https://koha.lib.tpu.ru/cgi-bin/koha/opac-detail.pl?biblionumber=447788

MARC

LEADER 00000nam2a2200000 4500
001 447788
005 20231101082818.0
035 |a (RuTPU)RU\TPU\prd\109755 
035 |a RU\TPU\prd\109754 
090 |a 447788 
100 |a 20110516a19639999k y0rusy50 ca 
101 0 |a rus 
102 |a RU 
200 0 |a Т. 45, № 2 
210 |d 2007 
461 1 |0 (RuTPU)RU\TPU\prd\377  |x 0040-3644  |t Теплофизика высоких температур  |f Российская академия наук (РАН) ; Отделение энергетики, машиностроения, механики и процессов управления РАН  |v Т. 45, № 2  |d 1964- 
801 1 |a RU  |b 63413507  |c 20030317  |g PSBO 
801 2 |a RU  |b 63413507  |c 20201228  |g RCR 
942 |c BK 
999 |a НТБ_ТПУ  |b НФ  |e -8/20110111  |p П-7214  |s 8/20060918  |u 708,40  |v 1